[Event "Praesto Friends vs Talents"]
[Site "Praesto"]
[Date "2015.06.13"]
[Round "1.16"]
[White "Nielsen, Jonas Burgel Sindal"]
[Black "Pedersen, Kim1111"]
[Result "1/2-1/2"]
[WhiteElo "1699"]
[BlackElo "1703"]
[PlyCount "68"]
[EventDate "2015.06.13"]
[EventType "team-match"]
[EventRounds "1"]
[EventCountry "DEN"]
[SourceTitle "EXT 2018"]
[Source "ChessBase"]
[SourceDate "2017.10.13"]
[SourceVersion "1"]
[SourceVersionDate "2017.10.13"]
[SourceQuality "1"]
[WhiteTeam "Talents"]
[BlackTeam "Praesto and friends"]
[WhiteTeamCountry "DEN"]
[BlackTeamCountry "DEN"]

1. d4 g6 2. c4 Bg7 3. Nc3 e6 4. Nf3 Ne7 5. Bf4 0-0 6. Qd2 d6 7. Bh6 Nf5 8. Bxg7 Kxg7 9. e4 Nh6 10. Be2 Nd7 11. Rd1 b6 12. e5 f6 13. exd6 cxd6 14. c5 bxc5 15. dxc5 dxc5 16. Bb5 Rf7 17. Ne4 Nf5 18. g4 Nd4 19. Nxd4 cxd4 20. Qxd4 Qa5+ 21. Nc3 Ne5 22. Be2 Bb7 23. 0-0 Bf3 24. Qe3 Bxg4 25. Bxg4 Nxg4 26. Qf3 Qh5 27. h3 Ne5 28. Qxa8 Nf3+ 29. Kg2 Nh4+ 30. Kg3 Qg5+ 31. Kh2 Qf4+ 32. Kg1 Nf3+ 33. Kg2 Nh4+ 34. Kg1 Nf3+ 1/2-1/2

[Event "Nordic School-chT"]
[Site "Pandrup"]
[Date "2010.09.11"]
[Round "3.4"]
[White "Nielsen, Jonas Burgel Sindal"]
[Black "Ruhanen, Eero"]
[Result "1/2-1/2"]
[WhiteElo "1326"]
[BlackElo "1475"]
[PlyCount "113"]
[EventDate "2010.09.10"]
[EventType "team-tourn"]
[EventRounds "5"]
[EventCountry "DEN"]
[SourceTitle "EXT 2018"]
[Source "ChessBase"]
[SourceDate "2017.10.13"]
[SourceVersion "1"]
[SourceVersionDate "2017.10.13"]
[SourceQuality "1"]
[WhiteTeam "Denmark"]
[BlackTeam "Finland"]
[WhiteTeamCountry "DEN"]
[BlackTeamCountry "FIN"]

1. d4 d5 2. c4 c6 3. Nc3 Nf6 4. Bg5 e6 5. e3 Nbd7 6. cxd5 exd5 7. Bd3 Be7 8. Nf3 0-0 9. 0-0 Re8 10. Qc2 h6 11. Bh4 Nf8 12. Bxf6 Bxf6 13. h3 Ne6 14. Qd2 Qc7 15. Rad1 b6 16. Bb1 a5 17. a4 Be7 18. Qc2 Nf8 19. Rfe1 Bb4 20. Nxd5 Qb7 21. Nxb4 axb4 22. Qb3 Qe7 23. Ne5 c5 24. Nf3 Bd7 25. Qd3 Bxa4 26. Rd2 Bc6 27. Ne5 Rac8 28. Nxc6 Rxc6 29. Qf1 Rd6 30. Rde2 Qd7 31. dxc5 bxc5 32. Ba2 Rd8 33. Bb3 Qc7 34. Rc2 Rd2 35. Rxd2 Rxd2 36. Rb1 Nd7 37. Qc1 Rd6 38. Qc2 Nb6 39. Rd1 Rxd1+ 40. Qxd1 c4 41. Bc2 c3 42. b3 Nc8 43. Qd3 g6 44. Qb5 Qb6 45. Qe8+ Kg7 46. Qxc8 Qd6 47. Qa8 Qd2 48. Qa2 Qe1+ 49. Kh2 Qxf2 50. e4 Qf4+ 51. Kg1 Qe3+ 52. Kf1 Qf4+ 53. Ke1 Qe3+ 54. Kf1 Qf4+ 55. Ke2 Qd2+ 56. Kf1 Qf4+ 57. Kg1 1/2-1/2